Представление документа в формате MARC21

Поле Инд. ПП Название Значение
Тип записи a
Библиографический уровень m
001 Контрольный номер e404ae48b03b4643825ecaa8c2f944c1
005 Дата корректировки 20260702130648.8
040 a Служба первич. каталог. 10013504
b Код языка каталог. rus
e Правила каталог. PSBO
041 0_ a Код языка текста rus
090 a Полочн. индекс 355М
x Авторский знак К 592
r Идентификатор организации 10013504
100 1_ a Автор Козлов А.П.
245 10 a Заглавие Тревожная служба
260 a Место издания Москва
b Издательство Воениздат
c Дата издания 1973
300 a Объем 261, [2] с., [13] л. ил.
440 _0 a Серия Военные мемуары
653 0_ a Ключевые слова МЕМУАРЫ ВОЕННЫЕ; ВЕЛИКАЯ ОТЕЧЕСТВЕННАЯ ВОЙНА (1941-1945); ВОСПОМИНАНИЯ О ВЕЛИКОЙ ОТЕЧЕСТВЕННОЙ ВОЙНЕ; ПОГРАНИЧНЫЕ ВОЙСКА
901 t Тип документа m
952 a Тип литературы для КСУ ВШ КНпР